Elektrik menjana kehidupan
| Main Author: | |
|---|---|
| Format: | Book |
| Published: |
Selangor :
WeWant Knowledge Resources ,
2020
|
| Series: | Siri tekun menaakul dunia sains
|
| Subjects: |
MARC
| LEADER | 00000cam a2200000 7i4500 | ||
|---|---|---|---|
| 001 | 0000278646 | ||
| 005 | 20200917150053.0 | ||
| 020 | |a 9789671726792 | ||
| 090 | 0 | 0 | |a 500 |b LOK |
| 100 | 0 | |a Lokman Sani | |
| 245 | 1 | 0 | |a Elektrik menjana kehidupan |c Lokman Sani |
| 260 | |a Selangor : |b WeWant Knowledge Resources , |c 2020 | ||
| 300 | |a 40p. : |b photo ; |c 26cm. | ||
| 490 | 0 | |a Siri tekun menaakul dunia sains | |
| 650 | 0 | |a Electricity | |
| 650 | 0 | |a Science |v Juvenile literature | |
| 999 | |a 00384693 |b BUKU |c JUNIOR BOOKS |e PERPUSTAKAAN KOMUNITI PETALING JAYA | ||